000 00438nam a2200145Ia 4500
008 090124s9999 xx 000 0 und d
082 _b304064
245 _a जावे तिच्या वंशा
250 _a1
260 _bतेंडुलकर विजय
_c2000
300 _a152
630 _a जावे तिच्या वंशा
730 _a जावे तिच्या वंशा
942 _cBOOK
999 _c193703
_d193703